Tango: discusión y clave

Gespeichert in:
Bibliographische Detailangaben
1. Verfasser: Sabato, Ernesto (VerfasserIn)
Format: Buch
Sprache:Spanisch
Veröffentlicht: Buenos Aires Losada 1965
Ausgabe:2a. ed
Schriftenreihe:Bibioteca Clásica Contemporánea
Schlagworte:
Tags: Tag hinzufügen
Keine Tags, Fügen Sie den ersten Tag hinzu!

MARC

LEADER 00000nam a2200000 a 4500
001 UCN2969
003 CL-VaPUC
008 010615e19650000AG |||||||||||||||||spa|d
082 0 4 |a 784.18885  |b SAB  |2 21 
100 |a Sabato, Ernesto  |e author  |9 322691 
245 1 0 |a Tango: discusión y clave 
250 |a 2a. ed 
300 |a 165 p 
942 |c BK 
945 |d 20010615 00:00:00  |a crobeson 
260 |a Buenos Aires  |b Losada  |c 1965 
650 0 |a Tango  |9 416285 
650 0 |a Formas musicales  |9 306416 
650 7 |a MUSICA ARGENTINA  |2 CL-VaPUC  |9 459313 
650 0 |a Música popular  |9 356085 
583 |a last modification  |c 20010615 00:00:00  |k Rodrigo Vera 
490 0 |a Bibioteca Clásica Contemporánea 
999 |c 295984  |d 295982 
952 |0 0  |1 0  |4 0  |6 784_188850000000000_SAB_1965  |7 0  |8 A  |9 349448  |a BIBEDU  |b BIBEDU  |d 2019-11-20  |i 1186825  |o 784.18885 SAB 1965  |p 1186825  |r 2023-01-12  |w 2019-11-20  |y BK  |k MUS